The monetary and financial system / (Record no. 9399)
[ view plain ]
| 000 -LEADER | |
|---|---|
| fixed length control field | 00664nac a22002051u 4500 |
| 020 ## - INTERNATIONAL STANDARD BOOK NUMBER | |
| International Standard Book Number | 0852975406 |
| 082 ## - DEWEY DECIMAL CLASSIFICATION NUMBER | |
| Classification number | 332 |
| Item number | GOA |
| 090 ## - LOCALLY ASSIGNED LC-TYPE CALL NUMBER (OCLC); LOCAL CALL NUMBER (OCLC) | |
| -- | 9399 |
| -- | 9399 |
| 100 ## - MAIN ENTRY--PERSONAL NAME | |
| Personal name | Goacher, David J. |
| 245 ## - TITLE STATEMENT | |
| Title | The monetary and financial system / |
| Statement of responsibility, etc | David Goacher |
| 250 ## - EDITION STATEMENT | |
| Edition statement | 4th ed. |
| 260 ## - PUBLICATION, DISTRIBUTION, ETC. (IMPRINT) | |
| Place of publication, distribution, etc | Canterbury : |
| Name of publisher, distributor, etc | CIB Publishing,1999 |
| Date of publication, distribution, etc | 1999 |
| 300 ## - PHYSICAL DESCRIPTION | |
| Extent | vi, 448 p. ; |
| Dimensions | 25 cm. |
| 500 ## - GENERAL NOTE | |
| General note | Includes index |
| 650 ## - SUBJECT ADDED ENTRY--TOPICAL TERM | |
| Topical term or geographic name as entry element | Money market |
| 650 ## - SUBJECT ADDED ENTRY--TOPICAL TERM | |
| Topical term or geographic name as entry element | Finance |
| 710 ## - ADDED ENTRY--CORPORATE NAME | |
| Corporate name or jurisdiction name as entry element | Institute of Financial Services (Great Britain) |
| 942 ## - ADDED ENTRY ELEMENTS (KOHA) | |
| Item type | Book - Borrowing |
| Call number prefix | 332GOA |
| Withdrawn status | Item status | Damaged status | Not for loan | Home library | Current library | Shelving location | Date acquired | Source of acquisition | Total Checkouts | Full call number | Barcode | Date last seen | Date last borrowed | Koha item type | Total Renewals |
|---|---|---|---|---|---|---|---|---|---|---|---|---|---|---|---|
| Central Library | Central Library | First floor | 06/05/2008 | Purchase | 2 | 332GOA | 000011357 | 15/07/2025 | 28/01/2009 | Book - Borrowing | |||||
| Central Library | Central Library | First floor | 08/05/2014 | Purchase | 1 | 332GOA | 000011593 | 15/07/2025 | 26/10/2009 | Book - Borrowing | 35 |